Los fichajes más caros del fútbol - Nacidos en 2000 - Estadísticas

Estadísticas generales
  • Esta prueba ha sido intentada 74 veces
  • La puntuación promedio es 9 de 10
Estadísticas de respuestas
Coste (M €) Temporada Nacionalidad Último club Nuevo club Jugador % Correcto
95,00 2022-2023 Brasil Ajax Manchester United Antony
97%
60,00 2022-2023 Noruega Borussia Dortmund Manchester City Erling Haaland
96%
45,00 2018-2019 Brasil Flamengo Real Madrid Vinicius Junior
96%
55,00 2021-2022 España Manchester City FC Barcelona Ferran Torres
87%
64,00 2023-2024 Italia AC Milan Newcastle Sandro Tonali
86%
80,00 2022-2023 Francia Mónaco Real Madrid Aurélien Tchouaméni
85%
83,50 2021-2022 Serbia Fiorentina Juventus Dušan Vlahović
83%
85,00 2021-2022 Inglaterra Borussia Dortmund Manchester United Jadon Sancho
83%
70,00 2023-2024 Hungría RB Leipzig Liverpool Dominik Szoboszlai
77%
80,40 2022-2023 Francia Leicester City Chelsea Wesley Fofana
63%
No se encontraron pruebas coincidentes
Distribución de puntuación
Porcentaje de gente con cada puntuación
Porcentaje por número respondido
Historial de tus puntuaciones
No has intentado esta prueba.